| 000 | 01153cam a2200193 4500 | ||
|---|---|---|---|
| 001 | L129705 | ||
| 008 | 050513n2005 000 0 eng u | ||
| 020 | _a1844070131 | ||
| 035 | _a(Sirsi) u129705 | ||
| 050 |
_a347.4107 _c18 |
||
| 100 | _aSidaway, Roger | ||
| 245 |
_aResolving environmental disputes _b from conflict to consensus |
||
| 260 |
_aLondon _bEarthscan Publications Ltd _c2005 |
||
| 300 |
_axxi, 297p. _c24cm. |
||
| 350 | _a22.95 | ||
| 520 | _aDiscusses both theory and practice in assessing the relationship between public participation and mediation in resolving environmental disputes. Explains and interprets the issues involved, using case studies from Britain, USA and the Netherlands to present key themes in resource management and environmental protections. Themes covered include access to the countryside for recreation, sustainable forestry, pollution and health risks and coastal zone management. Examines how and why conflicts occur and whether approaches to conflict resolution based on consensus building could be more widely applied. | ||
| 690 | _aMANAGEMENT-DISPUTE AVOIDANCE, MANAGEMENT AND RESOLUTION | ||
| 942 | _n0 | ||
| 999 |
_c104265 _d104265 |
||